00522nam a2200181Ia 4500003000900000008004100009020001800050040001600068080001600084245009400100260004800194300001400242650002200256650001200278650001500290650001200305700002300317IN-BaIIA211028s9999 xx 000 0 eng d a0-691-05938-1 cIIA Library a53:081bEIN 0aEinstein's miraculous yearcedited by John Stachel  aPrincetonbPrinceton University Pressc1998 axv, 198p. aEinstein (Albert) aHistory aRelativity aScience aStachel, John, ed.